<?xml version="1.0" encoding="UTF-8"?>
<record
    xmlns:xsi="http://www.w3.org/2001/XMLSchema-instance"
    xsi:schemaLocation="http://www.loc.gov/MARC21/slim http://www.loc.gov/standards/marcxml/schema/MARC21slim.xsd"
    xmlns="http://www.loc.gov/MARC21/slim">

  <leader>00651nam a2200193Ia 4500</leader>
  <controlfield tag="008">151121s9999||||xx |||||||||||||| ||und||</controlfield>
  <datafield tag="082" ind1=" " ind2=" ">
    <subfield code="a">832/&#x915;&#x93E;&#x936;&#x94D;&#x92E;&#x940;&#x930;&#x940;</subfield>
  </datafield>
  <datafield tag="082" ind1=" " ind2=" ">
    <subfield code="b">HNW-53933</subfield>
  </datafield>
  <datafield tag="100" ind1=" " ind2=" ">
    <subfield code="a">&#x915;&#x93E;&#x936;&#x94D;&#x92E;&#x940;&#x930;&#x940; &#x906;&#x917;&#x93E; &#x939;&#x936;&#x94D;&#x930;</subfield>
  </datafield>
  <datafield tag="245" ind1=" " ind2=" ">
    <subfield code="a">&#x906;&#x901;&#x916; &#x915;&#x93E; &#x928;&#x936;&#x93E;</subfield>
  </datafield>
  <datafield tag="260" ind1=" " ind2=" ">
    <subfield code="b">"&#x936;&#x93E;&#x930;&#x926;&#x93E; &#x92A;&#x94D;&#x930;&#x915;&#x93E;&#x936;&#x928;,  &#x928;&#x908; &#x926;&#x93F;&#x932;&#x94D;&#x932;&#x940;&#x964;"</subfield>
  </datafield>
  <datafield tag="260" ind1=" " ind2=" ">
    <subfield code="c">--</subfield>
  </datafield>
  <datafield tag="300" ind1=" " ind2=" ">
    <subfield code="a">128</subfield>
  </datafield>
  <datafield tag="600" ind1=" " ind2=" ">
    <subfield code="a">&#x915;&#x93E;&#x936;&#x94D;&#x92E;&#x940;&#x930;&#x940; &#x906;&#x917;&#x93E; &#x939;&#x936;&#x94D;&#x930;</subfield>
  </datafield>
  <datafield tag="630" ind1=" " ind2=" ">
    <subfield code="a">&#x906;&#x901;&#x916; &#x915;&#x93E; &#x928;&#x936;&#x93E;</subfield>
  </datafield>
  <datafield tag="700" ind1=" " ind2=" ">
    <subfield code="a">&#x915;&#x93E;&#x936;&#x94D;&#x92E;&#x940;&#x930;&#x940; &#x906;&#x917;&#x93E; &#x939;&#x936;&#x94D;&#x930;</subfield>
  </datafield>
  <datafield tag="730" ind1=" " ind2=" ">
    <subfield code="a">&#x906;&#x901;&#x916; &#x915;&#x93E; &#x928;&#x936;&#x93E;</subfield>
  </datafield>
  <datafield tag="942" ind1=" " ind2=" ">
    <subfield code="c">BOOK</subfield>
  </datafield>
  <datafield tag="999" ind1=" " ind2=" ">
    <subfield code="c">1237340</subfield>
    <subfield code="d">1237337</subfield>
  </datafield>
  <datafield tag="952" ind1=" " ind2=" ">
    <subfield code="0">0</subfield>
    <subfield code="1">0</subfield>
    <subfield code="4">0</subfield>
    <subfield code="7">0</subfield>
    <subfield code="a">HNW</subfield>
    <subfield code="b">HNW</subfield>
    <subfield code="d">2015-11-21</subfield>
    <subfield code="g">25.00</subfield>
    <subfield code="l">0</subfield>
    <subfield code="o">HNW-53933</subfield>
    <subfield code="p">HNW-53933</subfield>
    <subfield code="r">2015-11-21 00:00:00</subfield>
    <subfield code="v">25.00</subfield>
    <subfield code="w">2015-11-21</subfield>
    <subfield code="y">BOOK</subfield>
  </datafield>
</record>
